Kanye West Albums: Released and Unreleased - Statistics

General Stats
  • This quiz has been taken 53 times
  • The average score is 32 of 41
Answer Stats
Type Year Answer % Correct
Released 2021 Donda
100%
Released 2025 Donda 2
100%
Unreleased 2021-2022 Donda 2
100%
Unreleased 2020-2021 Donda: With Child
100%
Released (Collaboration) 2018 Kids See Ghosts
100%
Released (Collaboration) 2024 Vultures 2
100%
Released (Collaboration) 2011 Watch the Throne
100%
Released 2018 Ye
100%
Released 2013 Yeezus
100%
Released 2008 808s & Heartbreak
97%
Released 2007 Graduation
97%
Released 2019 Jesus Is King
97%
Released 2005 Late Registration
97%
Released 2004 The College Dropout
97%
Released 2016 The Life of Pablo
97%
Released (Collaboration) 2024 Vultures 1
97%
Unreleased 2023-2025 BULLY
94%
Unreleased 2008-2010 Good Ass Job
94%
Unreleased (Collaboration) 2018-2019 Job Well Done/Good Ass Job
94%
Unreleased 2016-2018 Love Everyone
94%
Released 2010 My Beautiful Dark Twisted Fantasy
94%
Released (Collaboration) 2012 Cruel Summer
92%
Unreleased 2013-2014 Yeezus 2
83%
Unreleased (Collaboration) 2016 Wolves/Calabasas is the New Abu Dhabi
78%
Unreleased 2018-2019 Yandhi
78%
Unreleased 2011-2012 Thank God For Drugs
75%
Unreleased (Collaboration) 2022-2023 WAR
75%
Unreleased (Collaboration) 2024-2025 Vultures 3
72%
Unreleased 2015 Swish
67%
Unreleased 2016 Turbo Grafx 16
67%
Unreleased (Collaboration) 2012-2013 Cruel Winter
58%
Unreleased 2025 IN A PERFECT WORLD
58%
Unreleased 2019-2020 God's Country
50%
Unreleased 2014-2015 So Help Me God
50%
Unreleased 2022-2023 YEBU
50%
Unreleased (Collaboration) 2019-2020 Jesus Is King II
42%
Unreleased (Collaboration) 2011, 2021 Watch the Throne II
42%
Unreleased 2025 WW3
42%
Unreleased (Collaboration) 2023 Bad B*tch Playbook
36%
Unreleased (Collaboration) 2019-2020 Kids See Ghosts II
36%
Unreleased (Collaboration) 2007-2010 Child Rebel Soldier
33%
No matching quizzes found
Score Distribution
Percent of People with Each Score
Percentile by Number Answered
Your Score History
You have not taken this quiz